Szczegóły MARC21

Innowacyjność w skali makro i mikro /

003 -Nazwa inst., której nr kontr. jest w polu 001 [,]
    • @
    • Nazwa instytucji, której n kontrolny jest w polu 001
    • NUKAT
005 -DATA I CZAS OSTATNIEJ MODYFIKACJI [,]
    • @
    • pole kontrolne
    • 20241231093212.0
020 -Międzynarod. znormalizowany nr książki - ISBN [ , ]
    • a
    • Numer ISBN
    • 9788360653135 Find
040 -Instytucja sporządzająca opis [ , ]
    • a
    • Instytucja, która sporządziła opis (NP)
    • WA 72/08AG
    • c
    • Instytucja, która sporządziła rekord (NP)
    • WA 72/08AG
    • d
    • Instytucja, która zmodyfikowała rekord (P)
    • WA 72/08AK
    • d
    • Instytucja, która zmodyfikowała rekord (P)
    • WR U/HSs
942 -Rodzaj dokumentu [ , ]
    • c
    • Rodzaj dokumentu
    • Książka
245 -Strefa tytułu i oznaczenia odpowiedzialności [0,0]
    • a
    • Tytuł
    • Innowacyjność w skali makro i mikro / Find
    • c
    • Pozostałe elementy strefy tytułu i oznaczenia odpowiedzialności (NP)
    • red. nauk.: Barbara Kryk oraz Krzysztof Piech.
260 -Strefa adresu wydawniczego [ , ]
    • a
    • Miejsce wydania (P)
    • Warszawa :
    • b
    • Nazwa wydawcy (P)
    • Instytut Wiedzy i Innowacji,
    • c
    • Data wydania (P)
    • 2009.
300 -Strefa opisu fizycznego [ , ]
    • a
    • Określenie formy książki i/lub objętość (NP)
    • XXVI, 321 s. :
    • b
    • Oznaczenie ilustracji (NP)
    • il. ;
    • c
    • Format (NP)
    • 24 cm.
336 -Typ zawartości [ , ]
    • a
    • Termin opisujący typ zawartości
    • Tekst
    • b
    • Kod określający zawartość
    • txt
    • 2
    • Źródło (terminu i kodu)
    • rdacontent
337 -Typ mediów [ , ]
    • a
    • Tryb odtwarzania
    • Bez urządzenia pośredniczącego
    • b
    • Kod typu mediów
    • n
    • 2
    • Źródło (terminu i kodu)
    • rdamedia
338 -Typ/rodzaj nośnika [ , ]
    • a
    • Hasło opisujące typ nośnika
    • Wolumin
    • b
    • Kod typu nośnika
    • nc
    • 2
    • Źródło (terminu i kodu)
    • rdacarrier
504 -Uwaga dot. bibliogr. załącznikowej [ , ]
    • a
    • Uwaga dot. bibliografii załącznikowej
    • Bibliogr. s. XXVI oraz przy rozdz.
080 -Uniwersalna Klasyfikacja Dziesiętna [ , ]
    • 2
    • Identyfikator wydania tablic
    • UDC-P058
    • 9
    • UKD
    • 2178
    • a
    • Symbol klasyfikacji
    • 005.342
    • b
    • Dopowiedzenie
    • Zarządzanie. Zarządzanie innowacyjne. Przedsiębiorczość.
    • 4
    • UKD2
    • 7641
    • x
    • Poddział wspólny
    • (061)
    • c
    • Dopowiedzenie poddz. wspólnego
    • (Wydawnictwa odnoszące się do konferencji, zjazdów itd. Sprawozdania z konferencji).
080 -Uniwersalna Klasyfikacja Dziesiętna [ , ]
    • 2
    • Identyfikator wydania tablic
    • UDC-P058
    • 9
    • UKD
    • 3301
    • a
    • Symbol klasyfikacji
    • 339.166.5
    • b
    • Dopowiedzenie
    • Handel dobrami niematerialnymi, własnością intelektualną. Handel patentami, znakami towarowymi, prawami autorskimi. Transfer technologii. Obrót myślą techniczną
    • 4
    • UKD2
    • 7641
    • x
    • Poddział wspólny
    • (061)
    • c
    • Dopowiedzenie poddz. wspólnego
    • (Wydawnictwa odnoszące się do konferencji, zjazdów itd. Sprawozdania z konferencji).
080 -Uniwersalna Klasyfikacja Dziesiętna [ , ]
    • 2
    • Identyfikator wydania tablic
    • UDC-P058
    • 9
    • UKD
    • 2814
    • a
    • Symbol klasyfikacji
    • 316.422
    • b
    • Dopowiedzenie
    • Reforma. Transformacja. Innowacje. Modernizacja. Postęp. Postęp naukowo-techniczny.
    • 4
    • UKD2
    • 7641
    • x
    • Poddział wspólny
    • (061)
    • c
    • Dopowiedzenie poddz. wspólnego
    • (Wydawnictwa odnoszące się do konferencji, zjazdów itd. Sprawozdania z konferencji).
080 -Uniwersalna Klasyfikacja Dziesiętna [ , ]
    • 2
    • Identyfikator wydania tablic
    • UDC-P058
    • 9
    • UKD
    • 1894
    • a
    • Symbol klasyfikacji
    • 001.89
    • b
    • Dopowiedzenie
    • Organizacja nauki i pracy naukowej w ogólności. Planowanie nauki. Polityka naukowa.
    • 4
    • UKD2
    • 7641
    • x
    • Poddział wspólny
    • (061)
    • c
    • Dopowiedzenie poddz. wspólnego
    • (Wydawnictwa odnoszące się do konferencji, zjazdów itd. Sprawozdania z konferencji).
080 -Uniwersalna Klasyfikacja Dziesiętna [ , ]
    • 2
    • Identyfikator wydania tablic
    • UDC-P058
    • 9
    • UKD
    • 2945
    • a
    • Symbol klasyfikacji
    • 330.101.54
    • b
    • Dopowiedzenie
    • Makroekonomia. Mikroekonomia.
    • 4
    • UKD2
    • 7641
    • x
    • Poddział wspólny
    • (061)
    • c
    • Dopowiedzenie poddz. wspólnego
    • (Wydawnictwa odnoszące się do konferencji, zjazdów itd. Sprawozdania z konferencji).
650 -Hasło przedmiotowe [ ,7]
    • a
    • Hasło przedmiotowe
    • Innowacje
    • x
    • Określnik rzeczowy
    • polityka publiczna
    • z
    • Określnik geograficzny
    • Kraje Unii Europejskiej
    • y
    • Określnik chronologiczny
    • 1990-
    • v
    • Określnik formalny
    • konferencje.
    • 2
    • Źródło terminu
    • kaba
    • 9
    • KHW
    • 366257
650 -Hasło przedmiotowe [ ,7]
    • a
    • Hasło przedmiotowe
    • Innowacje
    • x
    • Określnik rzeczowy
    • polityka publiczna
    • z
    • Określnik geograficzny
    • Polska
    • y
    • Określnik chronologiczny
    • 1990-
    • v
    • Określnik formalny
    • konferencje.
    • 2
    • Źródło terminu
    • kaba
    • 9
    • KHW
    • 366256
650 -Hasło przedmiotowe [ ,7]
    • a
    • Hasło przedmiotowe
    • Małe i średnie przedsiębiorstwa
    • x
    • Określnik rzeczowy
    • innowacje
    • z
    • Określnik geograficzny
    • Polska
    • y
    • Określnik chronologiczny
    • 1990-
    • v
    • Określnik formalny
    • konferencje.
    • 2
    • Źródło terminu
    • kaba
    • 9
    • KHW
    • 478301
980 -Symbol UKD [ , ]
    • a
    • UKD
    • 005.342:339.166.5:316.422:001.89:330.101.54](061)
700 -Hasło dodatkowe - nazwa osobowa [1, ]
    • a
    • Nazwa osobowa (NP)
    • Kryk, Barbara Find
    • c
    • Dopowiedzenie inne niż daty biograficzne (NP)
    • (mikroekonomia).
    • e
    • Określenie rodzaju współpracy
    • Red.
    • 9
    • KHW
    • 44099
700 -Hasło dodatkowe - nazwa osobowa [1, ]
    • a
    • Nazwa osobowa (NP)
    • Piech, Krzysztof Find
    • c
    • Dopowiedzenie inne niż daty biograficzne (NP)
    • (ekonomia).
    • e
    • Określenie rodzaju współpracy
    • Red.
    • 9
    • KHW
    • 16736
856 -Dostęp do wersji elektronicznej [4,8]
    • 3
    • Wyszczególnienie materiału
    • Okładka
920 -ISBN [ , ]
    • a
    • ISBN
    • 978-83-60653-13-5 Find
Data inwentaryzacji Lokalizacja Sygnatura Numer inwentarzowy Status udost.
2010-12-16BE E.72992-2
2012-03-23TT.11791T.11791-2
2013-03-22T TM.8909-2